Testing for the location of the Alamo Acequia (41 BX 8) at Hemisfair Plaza, San Antonio, Texas /

Bibliographic Details
Main Author: Fox, Anne A.
Corporate Author: University of Texas at San Antonio. Center for Archaeological Research
Format: Book
Language:English
Published: San Antonio, Tex. : Center for Archaeological Research, University of Texas at San Antonio, 1985.
Series:Archaeological survey report (San Antonio, Tex.) ; no. 142.
Subjects:

MARC

Tag First Indicator Second Indicator Subfields
LEADER 00000cam a2200000 a 4500
001 in00000020833
005 20151007055507.0
008 851113s1985 txuab b s00010 eng d
035 |a (OCoLC)12789765 
035 |9 AAB8399AM 
040 |a TXJ  |c TXJ  |d m/c  |d WIH  |d TXA  |d UtOrBLW 
043 |a n-us-tx 
049 |a TXAM  |c [A10701906] 
050 4 |a F394.S2  |b F69 1985 
100 1 |a Fox, Anne A. 
245 1 0 |a Testing for the location of the Alamo Acequia (41 BX 8) at Hemisfair Plaza, San Antonio, Texas /  |c Anne A. Fox. 
264 1 |a San Antonio, Tex. :  |b Center for Archaeological Research, University of Texas at San Antonio,  |c 1985. 
300 |a ii, 12 pages :  |b illustrations, maps ;  |c 28 cm. 
336 |a text  |b txt  |2 rdacontent 
337 |a unmediated  |b n  |2 rdamedia 
338 |a volume  |b nc  |2 rdacarrier 
490 1 |a Archaeological survey report ;  |v no. 142 
500 |a Texas Antiquities Committee Permit Number 396. 
504 |a Bibliography: page 9. 
651 0 |a Alamo Acequia (San Antonio, Tex.) 
651 0 |a San Antonio (Tex.)  |x Antiquities. 
651 0 |a Bexar County (Tex.)  |x Antiquities. 
650 0 |a Excavations (Archaeology)  |z Texas  |z Bexar County. 
710 2 |a University of Texas at San Antonio.  |b Center for Archaeological Research. 
830 0 |a Archaeological survey report (San Antonio, Tex.) ;  |v no. 142. 
999 |a MARS 
999 f f |s e0c314cd-bcef-360c-b277-f4202a149a1e  |i 76fd3180-461c-386a-9062-5b97fa3e557d  |t 0 
952 f f |p ric  |a Texas A&M University  |b Rellis Campus  |c Joint Library Facility  |d Remote Storage  |t 0  |e F394.S2 F69 1985  |h Library of Congress classification  |i unmediated -- volume  |m A14810701906 
998 f f |a F394.S2 F69 1985  |t 0  |l Remote Storage